MARC

LEADER 00000nam a2200000Ia 4500
001 851
008 160829s9999 xx 000 0 cat d
080 |a M-2-287 
100 |a Altaba-Planuc, Ricard  |9 34478 
245 |a Vuit mesos a la delegació del govern d'Euscadi, a Catalunya / Ricard Altaba-Planuc ; pròleg de Joan Santamaria 
260 |a [s.l.] :  |b Comissariat de Propaganda de la Generalitat de Catalunya, [1937] 
300 |a 57 p. :  |b  il. ;  |c 22 cm 
590 |a Amb dedicatòria autògrafa de l'autor a R. Clores, de data 5-I-1938. 
650 |a País Basc. Delegació del Govern d'Euscadi a Catalunya   |9 34479 
650 |a Refugiats  |9 25457 
651 0 |a Espanya  |x Història  |y 1936-1939, Guerra Civil  |9 55759 
700 |a Santamaria, Joan, pr.  |9 34481 
901 |a Arxiu 
942 |n 1 
952 |0 0  |1 0  |4 0  |6 M2287  |7 1  |9 46535  |a Arxiu  |b Arxiu  |d 2016-12-01  |l 0  |o M-2-287  |p 851  |r 2016-12-01 00:00:00  |w 2016-12-01  |y ARXIU 
999 |c 50326  |d 50326